[Event "19th SLO-ch"]
[Site "Otocec SLO"]
[Date "2009.08.??"]
[Round "1"]
[White "Mencinger, Vojko"]
[Black "Jelen, Igor"]
[Result "1/2-1/2"]
[WhiteElo "2411"]
[BlackElo "2384"]
[PlyCount "75"]
[EventDate "2009.08.09"]

1. e4 c5 2. Nf3 Nc6 3. d4 cxd4 4. Nxd4 Nf6 5. Nc3 e5 6. Ndb5 d6 7. Nd5 Nxd5 8. exd5 Nb8 9. a4 Be7 10. Be2 O-O 11. O-O a6 12. Na3 Nd7 13. Kh1 f5 14. f4 exf4 15. Bxf4 g5 16. Be3 Ne5 17. Nc4 Nxc4 18. Bxc4 Bf6 19. Bd4 Bd7 20. a5 Rc8 21. b3 Qe7 22. Qd2 Rce8 23. Rae1 Qg7 24. Bxf6 Qxf6 25. Rxe8 Rxe8 26. Qb4 Bc8 27. Qb6 Qd8 28. Qxd8 Rxd8 29. Re1 Kf7 30. Kg1 Bd7 31. Bd3 Kf6 32. Kf2 Re8 33. Rb1 Ke5 34. Re1+ Kf6 35. Rb1 Ke5 36. Re1+ Kf6 37. Rb1 f4 38. Re1 1/2-1/2

[Event "19th SLO-ch"]
[Site "Otocec SLO"]
[Date "2009.08.??"]
[Round "1"]
[White "Skoberne, Jure"]
[Black "Sebenik, Matej"]
[Result "1/2-1/2"]
[WhiteElo "2492"]
[BlackElo "2482"]
[PlyCount "115"]
[EventDate "2009.08.09"]

1. Nf3 Nf6 2. g3 g6 3. Bg2 Bg7 4. O-O O-O 5. d4 d6 6. c4 Nbd7 7. Nc3 e5 8. e4 c6 9. h3 Qb6 10. c5 dxc5 11. dxe5 Ne8 12. e6 fxe6 13. Ng5 Ne5 14. f4 Nf7 15. Nxf7 Bd4+ 16. Kh2 Rxf7 17. e5 Qc7 18. Ne4 b6 19. h4 Ba6 20. Bh3 Re7 21. Re1 Rd8 22. Qb3 c4 23. Qc2 c5 24. h5 Kg7 25. Ng5 Qd7 26. hxg6 hxg6 27. Nf3 Nc7 28. f5 exf5 29. Bg5 Ne6 30. Bf6+ Kg8 31. Nh4 Rh7 32. Nxg6 Bxb2 33. Qxb2 Qd2+ 34. Re2 c3 35. Rxd2 Rxd2+ 36. Qxd2 cxd2 37. Rd1 Nd4 38. Nf4 c4 39. e6 c3 40. Bxd4 c2 41. Rxd2 c1=Q 42. Be3 Qc8 43. Bd4 Rh6 44. Be5 Bb7 45. Rd7 Qc2+ 46. Kg1 Qc5+ 47. Bd4 Qc1+ 48. Kf2 Qd2+ 49. Kf1 Qd1+ 50. Kf2 Qd2+ 51. Kf1 Ba6+ 52. Kg1 Qe1+ 53. Kh2 Rxh3+ 54. Nxh3 Qe2+ 55. Kg1 Qf1+ 56. Kh2 Qe2+ 57. Kg1 Qf1+ 58. Kh2 1/2-1/2

[Event "19th SLO-ch"]
[Site "Otocec SLO"]
[Date "2009.08.??"]
[Round "1"]
[White "Srebrnic, Marko"]
[Black "Kokol, Peter"]
[Result "1-0"]
[WhiteElo "2333"]
[BlackElo "2346"]
[PlyCount "68"]
[EventDate "2009.08.09"]

1. g3 e5 2. Bg2 Nc6 3. c4 g6 4. Nc3 Bg7 5. Nf3 d6 6. O-O f5 7. Ne1 Nf6 8. d3 O-O 9. Nc2 a5 10. f4 Be6 11. Ne3 Nd7 12. Rb1 Nc5 13. Kh1 Nd4 14. Nc2 c6 15. Be3 Qe7 16. Bg1 Rfe8 17. Re1 Nxc2 18. Qxc2 g5 19. e3 e4 20. dxe4 Bxc4 21. Rbd1 fxe4 22. Nxe4 Nxe4 23. Qxc4+ d5 24. Qc2 g4 25. Rd3 Qe6 26. Bf2 b5 27. Kg1 Red8 28. Red1 Bf6 29. Be1 b4 30. a3 c5 31. axb4 c4 32. Rxd5 Rxd5 33. Rxd5 Re8 34. Rxa5 Nd6 1-0

[Event "19th SLO-ch"]
[Site "Otocec SLO"]
[Date "2009.08.??"]
[Round "1"]
[White "Tratar, Marko"]
[Black "Gostisa, Leon"]
[Result "1-0"]
[WhiteElo "2494"]
[BlackElo "2423"]
[PlyCount "29"]
[EventDate "2009.08.09"]

1. d4 Nf6 2. c4 e6 3. g3 Bb4+ 4. Bd2 Qe7 5. Nf3 Nc6 6. Nc3 d6 7. d5 Bxc3 8. Bxc3 Ne5 9. Nxe5 dxe5 10. Qa4+ Bd7 11. Qb3 exd5 12. cxd5 Ne4 13. Qxb7 Qc5 14. Qxa8+ Ke7 15. d6+ 1-0

[Event "19th SLO-ch"]
[Site "Otocec SLO"]
[Date "2009.08.??"]
[Round "1"]
[White "Zorko, Jure"]
[Black "Lenic, Luka"]
[Result "1/2-1/2"]
[WhiteElo "2402"]
[BlackElo "2565"]
[PlyCount "75"]
[EventDate "2009.08.09"]

1. e4 c5 2. c3 d5 3. exd5 Qxd5 4. d4 e6 5. Nf3 Nf6 6. Na3 Nc6 7. Nb5 Qd8 8. dxc5 Bxc5 9. Qxd8+ Kxd8 10. Bf4 Ne4 11. Rd1+ Ke7 12. Nbd4 Nxd4 13. Nxd4 Bd7 14. Bd3 Nf6 15. Be2 Nd5 16. Bg3 Ba4 17. Rd2 Rad8 18. Nb3 Bxb3 19. axb3 a5 20. Bf3 b6 21. Bxd5 Rxd5 22. Rxd5 exd5 23. Kd2 Kd7 24. Re1 h5 25. Re2 f6 26. Bf4 b5 27. Kc2 Rc8 28. Kd3 Ra8 29. f3 a4 30. b4 Bb6 31. Be3 Bc7 32. Bc5 Be5 33. f4 Bxf4 34. Re7+ Kc6 35. Re6+ Kd7 36. Re7+ Kc6 37. Re6+ Kd7 38. Re7+ 1/2-1/2

[Event "19th SLO-ch"]
[Site "Otocec SLO"]
[Date "2009.08.??"]
[Round "2"]
[White "Jelen, Igor"]
[Black "Tratar, Marko"]
[Result "1/2-1/2"]
[WhiteElo "2384"]
[BlackElo "2494"]
[PlyCount "80"]
[EventDate "2009.08.09"]

1. d4 Nf6 2. c4 e6 3. Nc3 Bb4 4. e3 Nc6 5. Bd3 e5 6. Nge2 d5 7. cxd5 Qxd5 8. O-O Qa5 9. Ne4 Nxe4 10. Bxe4 Bd7 11. a3 Bd6 12. b4 Qb6 13. Bb2 O-O-O 14. Qb3 f6 15. Nc3 Ne7 16. d5 f5 17. Bd3 e4 18. Bc4 Be5 19. Ne2 Qd6 20. Bxe5 Qxe5 21. b5 Be8 22. Rfd1 Rd6 23. a4 Bh5 24. Ra2 Rhd8 25. Rd4 Bxe2 26. Rxe2 Nxd5 27. Red2 Nf6 28. h3 g6 29. Qc3 Rxd4 30. exd4 Qd6 31. a5 Nd5 32. Bxd5 Qxd5 33. Rc2 Rd7 34. b6 a6 35. Qb4 c6 36. Qf8+ Rd8 37. Qe7 Rd7 38. Qe8+ Rd8 39. Qe7 Rd7 40. Qe8+ Rd8 1/2-1/2

[Event "19th SLO-ch"]
[Site "Otocec SLO"]
[Date "2009.08.??"]
[Round "2"]
[White "Kokol, Peter"]
[Black "Mencinger, Vojko"]
[Result "0-1"]
[WhiteElo "2346"]
[BlackElo "2411"]
[PlyCount "132"]
[EventDate "2009.08.09"]

1. e4 c5 2. Nf3 d6 3. d4 cxd4 4. Nxd4 Nf6 5. Nc3 a6 6. Be3 e5 7. Nb3 Be7 8. f3 O-O 9. Qd2 Be6 10. O-O-O Nbd7 11. g4 b5 12. g5 Nh5 13. Nd5 Bxd5 14. exd5 f5 15. gxf6 Rxf6 16. Na5 Nf4 17. Nc6 Qf8 18. Rg1 Bd8 19. Nxd8 Qxd8 20. Rg4 Qf8 21. Kb1 Rf7 22. Rg1 Qb8 23. Qa5 Qd8 24. Qxd8+ Rxd8 25. c4 Rb8 26. Rc1 Kf8 27. Rc3 b4 28. Rc1 a5 29. Kc2 Rc8 30. Kd2 Nc5 31. Bxc5 Rxc5 32. Rg3 Rf6 33. Bd3 a4 34. Rcg1 Rc7 35. h4 Nxd3 36. Kxd3 Rf4 37. b3 Rxh4 38. Rg4 Rh3 39. R1g3 Rxg3 40. Rxg3 axb3 41. axb3 Kf7 42. Ke4 Kf6 43. Rg1 Ra7 44. Rc1 Ra5 45. f4 exf4 46. Kxf4 g5+ 47. Ke4 h5 48. Rf1+ Kg6 49. Rf8 Ra7 50. c5 Re7+ 51. Kd4 dxc5+ 52. Kxc5 g4 53. d6 Rg7 54. Kc6 g3 55. d7 g2 56. d8=Q g1=Q 57. Qf6+ Kh7 58. Qf5+ Qg6+ 59. Rf6 Qxf5 60. Rxf5 Kh6 61. Rf8 Rg3 62. Rh8+ Kg5 63. Kc5 Rxb3 64. Kc4 Rb2 65. Rg8+ Kf4 66. Rh8 Kg4 0-1

[Event "19th SLO-ch"]
[Site "Otocec SLO"]
[Date "2009.08.??"]
[Round "2"]
[White "Lenic, Luka"]
[Black "Gostisa, Leon"]
[Result "1-0"]
[WhiteElo "2565"]
[BlackElo "2423"]
[PlyCount "99"]
[EventDate "2009.08.09"]

1. e4 e5 2. Nf3 Nc6 3. Bb5 a6 4. Ba4 Nf6 5. Qe2 Bc5 6. c3 Qe7 7. O-O O-O 8. d3 d6 9. Be3 Bd7 10. Nbd2 Ba7 11. Bb3 Kh8 12. Rfe1 Bxe3 13. Qxe3 Rae8 14. d4 Qd8 15. Rad1 Ng4 16. Qd3 f5 17. h3 Nh6 18. dxe5 Nxe5 19. Nxe5 Rxe5 20. Bd5 fxe4 21. Bxe4 Bf5 22. Bxf5 Rexf5 23. Re2 Qh4 24. Qe4 Qxe4 25. Nxe4 Re5 26. Ng3 Rxe2 27. Nxe2 Nf5 28. Rd3 Re8 29. Kf1 Re5 30. g4 Ne7 31. f4 Re4 32. Kf2 Nc6 33. Re3 Rxe3 34. Kxe3 Kg8 35. Nd4 Nxd4 36. Kxd4 Kf7 37. Ke4 c6 38. f5 Ke7 39. g5 Kf7 40. h4 Ke7 41. Kd4 Kd7 42. a4 Ke7 43. a5 Kf7 44. Ke4 Ke7 45. h5 Kf7 46. Kf4 Ke7 47. b4 Kf7 48. g6+ hxg6 49. fxg6+ Kf6 50. Kg4 1-0

[Event "19th SLO-ch"]
[Site "Otocec SLO"]
[Date "2009.08.??"]
[Round "2"]
[White "Sebenik, Matej"]
[Black "Srebrnic, Marko"]
[Result "1-0"]
[WhiteElo "2482"]
[BlackElo "2333"]
[PlyCount "105"]
[EventDate "2009.08.09"]

1. d4 Nf6 2. Nf3 g6 3. c4 Bg7 4. g3 c5 5. d5 b5 6. cxb5 d6 7. Nc3 O-O 8. Bg2 a6 9. bxa6 Bxa6 10. O-O Nbd7 11. Qc2 Ra7 12. Rd1 Qa8 13. Ne1 Rb8 14. Rb1 Ne8 15. b3 Nc7 16. a4 Rab7 17. Na2 Ne5 18. Bf4 Qa7 19. Nf3 Ng4 20. e4 Ne8 21. h3 Ne5 22. Nxe5 Bxe5 23. Be3 Qa8 24. f4 Bg7 25. Kh2 Rc7 26. Rdc1 Qb7 27. Bd2 Rcc8 28. Bc3 Bxc3 29. Qxc3 Qd7 30. Qc2 Qa7 31. Qf2 Qd7 32. Bf1 Bxf1 33. Qxf1 Nf6 34. Rc4 Qa7 35. Nc3 Nd7 36. Nb5 Qa8 37. Rc2 Nb6 38. Ra1 Qa6 39. Qc1 Ra8 40. Raa2 Qb7 41. Qf1 Rcb8 42. Qf3 Ra6 43. h4 Rc8 44. h5 Kg7 45. g4 c4 46. g5 cxb3 47. h6+ Kf8 48. Qxb3 Raa8 49. Nd4 Rxc2+ 50. Rxc2 Qa7 51. Qc3 Ke8 52. Nb5 Qxa4 53. Qh8+ 1-0

[Event "19th SLO-ch"]
[Site "Otocec SLO"]
[Date "2009.08.??"]
[Round "2"]
[White "Zorko, Jure"]
[Black "Skoberne, Jure"]
[Result "1/2-1/2"]
[WhiteElo "2402"]
[BlackElo "2492"]
[PlyCount "67"]
[EventDate "2009.08.09"]

1. e4 d6 2. d4 g6 3. c3 Nf6 4. Nd2 Bg7 5. Ngf3 O-O 6. Be2 Nc6 7. O-O e5 8. dxe5 Nxe5 9. Nxe5 dxe5 10. Qc2 b6 11. a4 a5 12. Nc4 Bb7 13. f3 Qe7 14. b3 Rfe8 15. Ba3 Qe6 16. Nb2 Nh5 17. Bc4 Qf6 18. Nd3 Nf4 19. Rad1 Rad8 20. Nxf4 exf4 21. Rxd8 Rxd8 22. Rd1 Bf8 23. Rxd8 Qxd8 24. Bxf8 Kxf8 25. g3 Qd6 26. Qf2 fxg3 27. Qxg3 Qe7 28. h4 Bc6 29. h5 Bxa4 30. Qf4 gxh5 31. Qh6+ Kg8 32. bxa4 Qc5+ 33. Kg2 Qxc4 34. Qg5+ 1/2-1/2

[Event "19th SLO-ch"]
[Site "Otocec SLO"]
[Date "2009.08.??"]
[Round "3"]
[White "Gostisa, Leon"]
[Black "Jelen, Igor"]
[Result "1/2-1/2"]
[WhiteElo "2423"]
[BlackElo "2384"]
[PlyCount "56"]
[EventDate "2009.08.09"]

1. d4 Nf6 2. Nf3 g6 3. Bg5 Bg7 4. Nbd2 O-O 5. e3 d6 6. Be2 c5 7. c3 b6 8. b4 Nbd7 9. O-O Bb7 10. Qb3 Qc7 11. bxc5 bxc5 12. h3 Rab8 13. Qa3 Ba8 14. Nc4 Rfc8 15. Rac1 h6 16. Bf4 Ne4 17. Rfd1 Kh7 18. Ne1 Nef6 19. Na5 Rb6 20. Nc4 Rbb8 21. Bg3 Ne4 22. Bh2 Nef6 23. Nd3 Nb6 24. Na5 cxd4 25. cxd4 Qd7 26. Nb4 Rxc1 27. Rxc1 Rc8 28. Rxc8 Qxc8 1/2-1/2

[Event "19th SLO-ch"]
[Site "Otocec SLO"]
[Date "2009.08.??"]
[Round "3"]
[White "Mencinger, Vojko"]
[Black "Sebenik, Matej"]
[Result "1/2-1/2"]
[WhiteElo "2411"]
[BlackElo "2482"]
[PlyCount "32"]
[EventDate "2009.08.09"]

1. e4 e6 2. d4 d5 3. e5 c5 4. c3 Nc6 5. Nf3 Nh6 6. Na3 cxd4 7. cxd4 Bxa3 8. bxa3 Nf5 9. Bb2 Qa5+ 10. Qd2 Qxd2+ 11. Kxd2 h5 12. Bc3 f6 13. Bd3 Nfe7 14. Rab1 Rb8 15. Rb3 O-O 16. Rc1 Bd7 1/2-1/2

[Event "19th SLO-ch"]
[Site "Otocec SLO"]
[Date "2009.08.??"]
[Round "3"]
[White "Skoberne, Jure"]
[Black "Lenic, Luka"]
[Result "1/2-1/2"]
[WhiteElo "2492"]
[BlackElo "2565"]
[PlyCount "25"]
[EventDate "2009.08.09"]

1. e4 e5 2. Nf3 Nc6 3. Bb5 a6 4. Ba4 Nf6 5. O-O Be7 6. Bxc6 dxc6 7. d3 Nd7 8. Nbd2 O-O 9. Nc4 Bf6 10. Ne3 Re8 11. a4 Nf8 12. h3 Ng6 13. Ng4 1/2-1/2

[Event "19th SLO-ch"]
[Site "Otocec SLO"]
[Date "2009.08.??"]
[Round "3"]
[White "Srebrnic, Marko"]
[Black "Zorko, Jure"]
[Result "0-1"]
[WhiteElo "2333"]
[BlackElo "2402"]
[PlyCount "82"]
[EventDate "2009.08.09"]

1. e4 e6 2. d3 c5 3. g3 Nc6 4. Bg2 g6 5. Nf3 Bg7 6. O-O Nge7 7. c3 d5 8. Na3 O-O 9. Bf4 e5 10. Bc1 h6 11. Re1 d4 12. cxd4 cxd4 13. Nh4 g5 14. Nf3 Ng6 15. Nd2 Be6 16. Nc2 Qd7 17. b3 b5 18. Nf1 Rfc8 19. Bd2 a5 20. Qe2 b4 21. Reb1 Na7 22. Rb2 Nb5 23. Be1 Bf8 24. Nd2 Nc3 25. Qf1 a4 26. Nc4 Bc5 27. Bd2 a3 28. Rbb1 Bxc4 29. bxc4 Qa4 30. Bxc3 dxc3 31. Rc1 Rd8 32. Rab1 Ra6 33. Kh1 Rf6 34. f3 Rfd6 35. Ne1 Be3 36. Rc2 Bd2 37. c5 Rd4 38. Rb3 Bxe1 39. Qxe1 Rxd3 40. Bf1 Rd2 41. Rxd2 Rxd2 0-1

[Event "19th SLO-ch"]
[Site "Otocec SLO"]
[Date "2009.08.??"]
[Round "3"]
[White "Tratar, Marko"]
[Black "Kokol, Peter"]
[Result "1/2-1/2"]
[WhiteElo "2494"]
[BlackElo "2346"]
[PlyCount "69"]
[EventDate "2009.08.09"]

1. Nf3 Nf6 2. c4 g6 3. Nc3 d5 4. cxd5 Nxd5 5. Qa4+ Bd7 6. Qc2 Nb4 7. Qb3 c5 8. Ne4 Bf5 9. Nfg5 Qd5 10. Qxd5 Nxd5 11. Nxc5 Nb4 12. e4 Nc2+ 13. Kd1 Nxa1 14. exf5 a6 15. b3 Bg7 16. Bc4 O-O 17. Re1 b5 18. Bxf7+ Rxf7 19. Nxf7 Kxf7 20. Ne6 Bf6 21. fxg6+ hxg6 22. d4 Nc6 23. Bb2 Nxb3 24. axb3 Ra7 25. Re4 a5 26. g4 Rd7 27. f4 Rd6 28. f5 gxf5 29. gxf5 Rd5 30. Rf4 a4 31. bxa4 bxa4 32. Kc2 Rb5 33. Rf3 Na5 34. Nc5 Nc4 35. Bc1 1/2-1/2

[Event "19th SLO-ch"]
[Site "Otocec SLO"]
[Date "2009.08.??"]
[Round "4"]
[White "Kokol, Peter"]
[Black "Gostisa, Leon"]
[Result "1-0"]
[WhiteElo "2346"]
[BlackElo "2423"]
[PlyCount "103"]
[EventDate "2009.08.09"]

1. e4 c5 2. Nf3 e6 3. d4 cxd4 4. Nxd4 Nc6 5. Nc3 Qc7 6. Be3 a6 7. Bd3 Nf6 8. O-O Ne5 9. h3 b5 10. f4 Nc4 11. Bxc4 Qxc4 12. Qd3 Bb7 13. a4 Qxd3 14. cxd3 b4 15. Nce2 Be7 16. Rfc1 O-O 17. Nb3 Rfb8 18. a5 Kf8 19. Nc5 d6 20. Na4 Nd7 21. Bb6 Rc8 22. Nd4 Bf6 23. Nb3 Bc6 24. Kh2 Rab8 25. Ba7 Ra8 26. Nb6 Nxb6 27. axb6 Bxb2 28. Rxc6 Rxc6 29. b7 Rd8 30. Rb1 Ba3 31. b8=Q Rxb8 32. Bxb8 Ke7 33. e5 dxe5 34. fxe5 Rb6 35. Bd6+ Kd7 36. Na5 Rb5 37. Nc4 Kc6 38. Kg3 f6 39. Kf4 g5+ 40. Ke4 f5+ 41. Kd4 h5 42. Nxa3 bxa3 43. Rxb5 Kxb5 44. Bxa3 g4 45. h4 a5 46. Bd6 a4 47. Ke3 Kc6 48. Kf4 Kd5 49. Kg5 Kd4 50. Kxh5 g3 51. Kg5 Ke3 52. Bc5+ 1-0

[Event "19th SLO-ch"]
[Site "Otocec SLO"]
[Date "2009.08.??"]
[Round "4"]
[White "Lenic, Luka"]
[Black "Jelen, Igor"]
[Result "1-0"]
[WhiteElo "2565"]
[BlackElo "2384"]
[PlyCount "69"]
[EventDate "2009.08.09"]

1. e4 c5 2. Nf3 Nc6 3. d4 cxd4 4. Nxd4 Nf6 5. Nc3 e5 6. Ndb5 d6 7. Bg5 a6 8. Na3 b5 9. Nd5 Be7 10. Bxf6 Bxf6 11. c4 b4 12. Nc2 a5 13. Qf3 Be6 14. Rd1 Bxd5 15. cxd5 Na7 16. Bd3 Qd7 17. O-O Bg5 18. Ne3 Bxe3 19. Qxe3 O-O 20. Rc1 h6 21. Qb6 Rfb8 22. Qc7 Qxc7 23. Rxc7 Kf8 24. Rfc1 Ke8 25. Kf1 Nb5 26. Bxb5+ Rxb5 27. R1c6 Rd8 28. Ke2 Rd7 29. Rc8+ Ke7 30. Kd3 g6 31. Ra8 b3 32. a3 f5 33. Kc4 Rdb7 34. f3 fxe4 35. fxe4 1-0

[Event "19th SLO-ch"]
[Site "Otocec SLO"]
[Date "2009.08.??"]
[Round "4"]
[White "Sebenik, Matej"]
[Black "Tratar, Marko"]
[Result "1/2-1/2"]
[WhiteElo "2482"]
[BlackElo "2494"]
[PlyCount "28"]
[EventDate "2009.08.09"]

1. d4 d5 2. c4 c6 3. Nc3 Nf6 4. Nf3 e6 5. e3 a6 6. c5 b6 7. cxb6 Nbd7 8. Na4 Nxb6 9. Bd2 Nxa4 10. Qxa4 Bd7 11. Ne5 c5 12. Nxd7 Qxd7 13. Qxd7+ Kxd7 14. dxc5 Bxc5 1/2-1/2

[Event "19th SLO-ch"]
[Site "Otocec SLO"]
[Date "2009.08.??"]
[Round "4"]
[White "Skoberne, Jure"]
[Black "Srebrnic, Marko"]
[Result "1-0"]
[WhiteElo "2492"]
[BlackElo "2333"]
[PlyCount "99"]
[EventDate "2009.08.09"]

1. c4 g6 2. d4 Bg7 3. Nf3 Nf6 4. Nc3 O-O 5. e4 d6 6. Be2 e5 7. O-O exd4 8. Nxd4 Re8 9. f3 Nc6 10. Be3 Nh5 11. Qd2 Nf4 12. Rf2 Ne6 13. Nc2 b6 14. Bf1 Bb7 15. Rb1 a5 16. Nd5 Nc5 17. Bg5 f6 18. Be3 Ne5 19. Nd4 c6 20. Nc3 Qe7 21. b3 Rad8 22. a3 Kh8 23. b4 axb4 24. axb4 Ncd7 25. Ra1 Ra8 26. Qd1 Qf7 27. Rxa8 Rxa8 28. Qb3 Qg8 29. Ra2 Ba6 30. Be2 f5 31. b5 Nc5 32. Qb4 cxb5 33. cxb5 Bb7 34. Rxa8 Qxa8 35. exf5 Qa1+ 36. Nd1 Ned3 37. Qc4 d5 38. Qc3 Qxc3 39. Nxc3 gxf5 40. Bxd3 Nxd3 41. Nde2 Nc5 42. Bd4 Kg8 43. Kf2 Bf8 44. Nf4 Bd6 45. Nfxd5 Bxh2 46. Bxc5 bxc5 47. g3 Kf7 48. Kg2 Bxg3 49. Kxg3 Ke6 50. b6 1-0

[Event "19th SLO-ch"]
[Site "Otocec SLO"]
[Date "2009.08.??"]
[Round "4"]
[White "Zorko, Jure"]
[Black "Mencinger, Vojko"]
[Result "1-0"]
[WhiteElo "2402"]
[BlackElo "2411"]
[PlyCount "87"]
[EventDate "2009.08.09"]

1. e4 c5 2. c3 d5 3. exd5 Qxd5 4. d4 Nf6 5. Nf3 e6 6. Na3 Nc6 7. Be3 cxd4 8. Nb5 Qd8 9. Nbxd4 Nd5 10. Nxc6 bxc6 11. Ne5 Qc7 12. Bd4 f6 13. Nc4 e5 14. Be3 Be6 15. Qa4 Kf7 16. Na5 Nxe3 17. fxe3 Bc5 18. Bc4 Rhe8 19. Bxe6+ Rxe6 20. Nc4 Rd8 21. Rd1 e4 22. O-O Rd3 23. Rde1 h5 24. Rf5 Rd5 25. Rxd5 cxd5 26. Rd1 Qb7 27. b4 Be7 28. Na5 Qa6 29. Rd2 Rd6 30. Qd1 g6 31. Rxd5 Ke6 32. c4 f5 33. Kf2 Bf6 34. Ke2 Be5 35. h3 f4 36. exf4 Bxf4 37. Qd4 Kf7 38. Rxd6 Bxd6 39. a3 Be7 40. Qd5+ Kg7 41. Qc6 Qb6 42. Qxb6 axb6 43. Nc6 Bg5 44. a4 1-0

[Event "19th SLO-ch"]
[Site "Otocec SLO"]
[Date "2009.08.??"]
[Round "5"]
[White "Gostisa, Leon"]
[Black "Sebenik, Matej"]
[Result "1-0"]
[WhiteElo "2423"]
[BlackElo "2482"]
[PlyCount "49"]
[EventDate "2009.08.09"]

1. d4 d6 2. Nf3 g6 3. g3 Bg7 4. Bg2 Nf6 5. O-O O-O 6. c4 Nbd7 7. Nc3 e5 8. d5 a5 9. e4 Nc5 10. Ne1 c6 11. Bg5 Qb6 12. Nd3 Bg4 13. Qd2 Nxd3 14. Qxd3 cxd5 15. Bxf6 dxc4 16. Qe3 Qxb2 17. Bxg7 Kxg7 18. Rab1 Qa3 19. Rxb7 Rfb8 20. Rfb1 Rxb7 21. Rxb7 Be6 22. h4 Rc8 23. Kh2 Qc5 24. Qxc5 Rxc5 25. Rb6 1-0

[Event "19th SLO-ch"]
[Site "Otocec SLO"]
[Date "2009.08.??"]
[Round "5"]
[White "Jelen, Igor"]
[Black "Kokol, Peter"]
[Result "1-0"]
[WhiteElo "2384"]
[BlackElo "2346"]
[PlyCount "133"]
[EventDate "2009.08.09"]

1. d4 Nf6 2. c4 c5 3. d5 e6 4. Nc3 exd5 5. cxd5 d6 6. e4 g6 7. f4 Bg7 8. Bb5+ Nfd7 9. a4 O-O 10. Nf3 Na6 11. O-O Nc7 12. Bc4 a6 13. Re1 f6 14. Be3 Rb8 15. Qd3 Kh8 16. Bf2 b5 17. axb5 axb5 18. Nxb5 Nxb5 19. Bxb5 Nb6 20. Ra7 Rb7 21. Rxb7 Bxb7 22. b4 cxb4 23. Nd4 Bc8 24. Nc6 Qc7 25. Qd4 Nd7 26. Qxb4 Bb7 27. Qa5 Qc8 28. Na7 Qd8 29. Qxd8 Rxd8 30. Rc1 Nc5 31. Bxc5 dxc5 32. Nc6 Bxc6 33. Bxc6 Bf8 34. e5 Bh6 35. Re1 fxe5 36. fxe5 Bf8 37. Kf2 Rb8 38. d6 Rb6 39. Bd5 Ra6 40. Rb1 Kg7 41. Rb7+ Kh6 42. Rf7 Bxd6 43. exd6 Rxd6 44. Be4 Kg5 45. Rxh7 Kf4 46. Re7 Rd2+ 47. Ke1 Rb2 48. Bf3 Rb4 49. Ke2 g5 50. Rf7+ Ke5 51. h3 c4 52. Kd2 Rb3 53. Rc7 Kd4 54. Rd7+ Kc5 55. Rd5+ Kb4 56. Rxg5 Rb2+ 57. Kc1 Kc3 58. Be4 Rf2 59. Rg3+ Kd4 60. Bc2 c3 61. Rg4+ Ke5 62. h4 Rf1+ 63. Bd1 Rf2 64. h5 Kf5 65. Rg3 Ra2 66. Bc2+ Kf4 67. Rh3 1-0

[Event "19th SLO-ch"]
[Site "Otocec SLO"]
[Date "2009.08.??"]
[Round "5"]
[White "Mencinger, Vojko"]
[Black "Skoberne, Jure"]
[Result "1-0"]
[WhiteElo "2411"]
[BlackElo "2492"]
[PlyCount "135"]
[EventDate "2009.08.09"]

1. e4 d6 2. d4 g6 3. Nc3 Bg7 4. g3 Nf6 5. Bg2 O-O 6. Nge2 e5 7. h3 c6 8. O-O b5 9. a3 Bb7 10. dxe5 dxe5 11. Qxd8 Rxd8 12. Be3 Nbd7 13. Nc1 Ne8 14. Nd3 Nc7 15. a4 a6 16. Ne2 Ne6 17. b4 Rdc8 18. Rab1 a5 19. bxa5 Rxa5 20. axb5 cxb5 21. Rfc1 Bf8 22. Bd2 Raa8 23. Rxb5 Ba6 24. Ra5 Bxd3 25. cxd3 Ndc5 26. Rxa8 Rxa8 27. Be3 Nxd3 28. Rd1 Nb2 29. Rc1 Rd8 30. Kf1 Ba3 31. Ra1 Nc4 32. Bh6 Nc5 33. Bf3 Nb3 34. Ra2 Bc5 35. Kg2 Nba5 36. Nc3 Bf8 37. Bg5 Rd4 38. Nd5 f5 39. exf5 gxf5 40. Ne7+ Bxe7 41. Bxe7 e4 42. Bh5 Rd2 43. Rxd2 Nxd2 44. Bg5 Ndc4 45. Bh6 Ne5 46. Kf1 Nac4 47. Be8 Nd6 48. Bh5 Ng6 49. Bd1 Kf7 50. Bb3+ Kf6 51. Be3 Nf7 52. Bd4+ Ke7 53. h4 Nge5 54. Ke2 Nc6 55. Bc5+ Kf6 56. Ke3 Nfe5 57. Bg8 h6 58. Bd5 Kg6 59. Bb6 Ng4+ 60. Kf4 Nce5 61. h5+ Kxh5 62. Kxf5 Ng6 63. Bf7 Ne3+ 64. Kxe4 Ng4 65. f3 N4e5 66. Be8 Nxf3 67. Bxg6+ Kg4 68. Bh5+ 1-0

[Event "19th SLO-ch"]
[Site "Otocec SLO"]
[Date "2009.08.??"]
[Round "5"]
[White "Srebrnic, Marko"]
[Black "Lenic, Luka"]
[Result "0-1"]
[WhiteElo "2333"]
[BlackElo "2565"]
[PlyCount "136"]
[EventDate "2009.08.09"]

1. e4 c6 2. d4 d5 3. Nc3 dxe4 4. Nxe4 Nd7 5. Nf3 Ngf6 6. Nxf6+ Nxf6 7. Bc4 Bf5 8. O-O e6 9. Bf4 Qb6 10. a4 Bg4 11. Re1 Be7 12. Re3 Qd8 13. Rb3 Qc8 14. Qd2 O-O 15. Ne5 Bf5 16. Bd3 Ne4 17. Qe2 Nd6 18. Rd1 Rd8 19. Qh5 g6 20. Qf3 Bf6 21. Ng4 Bxg4 22. Qxg4 Nf5 23. Bxf5 exf5 24. Qe2 Rxd4 25. Rxd4 Bxd4 26. Qe7 b6 27. Be3 Qe8 28. Qb4 Rd8 29. h3 c5 30. Qb5 Qxb5 31. axb5 Bxe3 32. Rxe3 Rd1+ 33. Kh2 Rd2 34. c4 Rxf2 35. Re7 Rxb2 36. Rxa7 Re2 37. Kg3 Kg7 38. Kf3 Re6 39. Rb7 g5 40. Rd7 h5 41. Rb7 h4 42. Rb8 Kg6 43. Rg8+ Kf6 44. Rd8 Ke7 45. Rb8 Kf6 46. Rd8 Kg7 47. Rb8 f6 48. Kf2 f4 49. Kf3 Kg6 50. Rb7 Kf5 51. Rd7 Re3+ 52. Kf2 Re4 53. Rb7 Re6 54. Rd7 Kg6 55. Rb7 f5 56. Rb8 Kf6 57. Rd8 Re4 58. Rd6+ Ke5 59. Rxb6 Rxc4 60. Rb8 Rc2+ 61. Kf1 f3 62. gxf3 Kf4 63. b6 Kxf3 64. Ke1 Rb2 65. b7 f4 66. Kd1 c4 67. Kc1 c3 68. Kd1 Kg3 0-1

[Event "19th SLO-ch"]
[Site "Otocec SLO"]
[Date "2009.08.??"]
[Round "5"]
[White "Tratar, Marko"]
[Black "Zorko, Jure"]
[Result "1/2-1/2"]
[WhiteElo "2494"]
[BlackElo "2402"]
[PlyCount "87"]
[EventDate "2009.08.09"]

1. d4 Nf6 2. c4 e6 3. g3 d5 4. Nf3 Bb4+ 5. Bd2 Be7 6. Bg2 O-O 7. O-O c6 8. Qc2 b6 9. Rd1 Bb7 10. Bf4 Nh5 11. Bc1 Nf6 12. b3 Nbd7 13. Nc3 Rc8 14. e4 dxe4 15. Ng5 h6 16. Ngxe4 Nxe4 17. Nxe4 f5 18. Nc3 Bf6 19. Ba3 Be7 20. Bxe7 Qxe7 21. f4 g5 22. Qd2 Qg7 23. Re1 Rfe8 24. Rad1 Rcd8 25. Re3 gxf4 26. gxf4 Kh7 27. Rg3 Qf6 28. Qe3 Nf8 29. Ne2 Re7 30. Rd3 Ng6 31. Qd2 c5 32. Bxb7 Rxb7 33. dxc5 Rxd3 34. Rxd3 Rg7 35. Rg3 e5 36. fxe5 Qxe5 37. Qe3 bxc5 38. Qxe5 Nxe5 39. Nf4 Nf3+ 40. Kg2 Nd4 41. Kf2 Rxg3 42. hxg3 Kg7 43. Nd3 Ne6 44. Ke3 1/2-1/2

[Event "19th SLO-ch"]
[Site "Otocec SLO"]
[Date "2009.08.??"]
[Round "6"]
[White "Lenic, Luka"]
[Black "Kokol, Peter"]
[Result "1-0"]
[WhiteElo "2565"]
[BlackElo "2346"]
[PlyCount "73"]
[EventDate "2009.08.09"]

1. d4 Nf6 2. Nf3 g6 3. Bf4 Bg7 4. e3 O-O 5. Be2 d6 6. h3 Nfd7 7. Bh2 e5 8. c4 a5 9. Nc3 Nc6 10. Rc1 b6 11. O-O Bb7 12. a3 h6 13. d5 Ne7 14. b4 f5 15. e4 axb4 16. axb4 fxe4 17. Nxe4 Ra3 18. Nc3 Nf5 19. Nb5 Ra8 20. Bd3 Nf6 21. Qc2 c6 22. Bxf5 gxf5 23. dxc6 Bxc6 24. Rfd1 Bxf3 25. gxf3 Ne8 26. f4 Qh4 27. Qd3 Ra2 28. Qg3 Qh5 29. c5 Kh8 30. cxd6 Bf6 31. d7 Rg8 32. fxe5 Bh4 33. d8=Q Bxg3 34. Bxg3 Qe2 35. Kh2 f4 36. Bh4 Qxe5 37. Qd4 1-0

[Event "19th SLO-ch"]
[Site "Otocec SLO"]
[Date "2009.08.??"]
[Round "6"]
[White "Skoberne, Jure"]
[Black "Tratar, Marko"]
[Result "1-0"]
[WhiteElo "2492"]
[BlackElo "2494"]
[PlyCount "115"]
[EventDate "2009.08.09"]

1. d4 Nf6 2. c4 Nc6 3. Nc3 e5 4. d5 Ne7 5. e4 Ng6 6. Bd3 Bc5 7. g3 d6 8. h4 h6 9. Bd2 O-O 10. Qe2 c6 11. O-O-O cxd5 12. cxd5 Bd7 13. h5 Nh8 14. f3 a6 15. g4 Nh7 16. Kb1 f6 17. Nh3 Qb6 18. Bc2 Bd4 19. Ba4 Bxc3 20. Be3 Qc7 21. Bxd7 Qxd7 22. bxc3 Rfc8 23. c4 b5 24. cxb5 axb5 25. Rc1 Nf7 26. Rxc8+ Rxc8 27. Rc1 Rxc1+ 28. Kxc1 Nhg5 29. Ng1 Qc7+ 30. Qc2 Qa5 31. Kd1 Qa6 32. Ke2 Kf8 33. Kf2 Ke8 34. Kg2 Kf8 35. Ne2 Kg8 36. Ng3 Kh7 37. Nf5 Qa3 38. Kg3 Qa5 39. Bd2 Qa7 40. Kg2 Qa3 41. Qb3 Qa6 42. Bb4 Qb6 43. Qc2 Nxf3 44. Kxf3 Qg1 45. Qd3 Ng5+ 46. Ke2 Qxg4+ 47. Ke1 Nxe4 48. Nxd6 Qh4+ 49. Kd1 f5 50. Nxe4 fxe4 51. Qxb5 Qxh5+ 52. Kc2 Qh2+ 53. Kb3 Qh5 54. Ka4 Qd1+ 55. Ka5 e3 56. d6 Qd4 57. Qc5 Qe4 58. Kb6 1-0